[Event "2. Bundesliga West 2018/19"]
[Site "Kufstein; NMS II, Sporthalle Fischergries"]
[Date "2019.02.09"]
[Round "7"]
[Board "1"]
[White "Breneis, Lukas"]
[Black "Riediger, Martin"]
[Result "1/2-1/2"]
[WhiteElo "2192"]
[BlackElo "2276"]
[PlyCount "98"]
[EventDate "2018.10.12"]
[EventType "team"]
[EventRounds "11"]
[EventCountry "AUT"]
[WhiteTeam "SPG Oberland"]
[BlackTeam "Ranshofen"]

1. e4 c5 2. Nf3 Nc6 3. b3 Nf6 4. e5 Nd5 5. Bb2 e6 6. c4 Nf4 7. g3 Ng6 8. Bg2
Be7 9. h4 f6 10. exf6 Bxf6 11. Bxf6 Qxf6 12. Nc3 Nge5 13. Nxe5 Qxe5+ 14. Qe2
Qxe2+ 15. Nxe2 O-O 16. O-O d6 17. f4 Bd7 18. Rae1 Rab8 19. Nc3 Nd4 20. Ne4 Nf5
21. Bh3 Rbd8 22. Rf2 Bc8 23. Kh2 Nd4 24. Ref1 b6 25. d3 h6 26. g4 Bb7 27. g5
Nf5 28. Rg1 Kh7 29. Bxf5+ exf5 30. Nc3 Rfe8 31. h5 Bc6 32. Nd5 Bxd5 33. cxd5
Re3 34. gxh6 Kxh6 35. Rg5 Rf8 36. Rg6+ Kxh5 37. Rfg2 Rf7 38. Kg1 Rxd3 39. Rxd6
Rd1+ 40. Kh2 Rd4 41. Rd8 Rf6 42. Rg5+ Kh4 43. Rxg7 Rh6 44. Re8 Rxd5 45. Re2
Rhd6 46. Reg2 Rd7 47. Rg8 Rd8 48. R8g7 R5d7 49. R7g6 Rd6  1/2-1/2

[Event "2. Bundesliga West 2018/19"]
[Site "Kufstein; NMS II, Sporthalle Fischergries"]
[Date "2019.02.09"]
[Round "7"]
[Board "2"]
[White "Ager, Josef"]
[Black "Schnegg, Anna-Lena"]
[Result "0-1"]
[WhiteElo "2174"]
[BlackElo "2184"]
[PlyCount "88"]
[EventDate "2018.10.12"]
[EventType "team"]
[EventRounds "11"]
[EventCountry "AUT"]
[WhiteTeam "Ranshofen"]
[BlackTeam "SPG Oberland"]

1. d4 d6 2. Nf3 g6 3. c4 Bg7 4. Nc3 Nd7 5. e4 e6 6. Be2 Ne7 7. h4 h6 8. Be3 f5
9. Bd3 e5 10. exf5 gxf5 11. dxe5 dxe5 12. Bc2 O-O 13. Qc1 f4 14. Bd2 Nc5 15.
Qb1 Bg4 16. Ne4 Ne6 17. Nh2 Bf5 18. Bc3 Nc6 19. Nf3 Ned4 20. Bxd4 exd4 21. Bd3
Nb4 22. Nfd2 Qe7 23. a3 Nxd3+ 24. Qxd3 Rfe8 25. f3 a6 26. O-O-O c5 27. Rde1 Kh8
28. Nb3 Rac8 29. Kb1 b5 30. Nbd2 bxc4 31. Nxc4 Rc6 32. Qd2 Be6 33. Qd3 Bf5 34.
Ka1 Re6 35. Ncd2 Qb7 36. Rb1 Qd5 37. Rbc1 Rb6 38. Rhe1 Reb8 39. Nc4 Rb3 40. Rc3
Rxc3 41. bxc3 Be6 42. Ned6 dxc3 43. Qxd5 Bxd5 44. Ka2 c2  0-1

[Event "2. Bundesliga West 2018/19"]
[Site "Kufstein; NMS II, Sporthalle Fischergries"]
[Date "2019.02.09"]
[Round "7"]
[Board "3"]
[White "Schnegg, Daniel"]
[Black "Brehovsky, Paul"]
[Result "1/2-1/2"]
[WhiteElo "2117"]
[BlackElo "2126"]
[PlyCount "38"]
[EventDate "2018.10.12"]
[EventType "team"]
[EventRounds "11"]
[EventCountry "AUT"]
[WhiteTeam "SPG Oberland"]
[BlackTeam "Ranshofen"]

1. f4 d5 2. b3 Nf6 3. Bb2 g6 4. e3 Bg7 5. Nf3 Bf5 6. Be2 O-O 7. O-O c6 8. Kh1
Nbd7 9. Ne5 Bxc2 10. Qxc2 Nxe5 11. Bxe5 Ne8 12. Bxg7 Nxg7 13. d3 Qd6 14. Nd2 e5
15. fxe5 Qxe5 16. Nf3 Qe7 17. Nd2 Qe5 18. Nf3 Qe7 19. Nd2 Qe5  1/2-1/2

[Event "2. Bundesliga West 2018/19"]
[Site "Kufstein; NMS II, Sporthalle Fischergries"]
[Date "2019.02.09"]
[Round "7"]
[Board "4"]
[White "Kuecher, Wolfgang"]
[Black "Moritz, Christian"]
[Result "1-0"]
[WhiteElo "2124"]
[BlackElo "2100"]
[PlyCount "89"]
[EventDate "2018.10.12"]
[EventType "team"]
[EventRounds "11"]
[EventCountry "AUT"]
[WhiteTeam "Ranshofen"]
[BlackTeam "SPG Oberland"]

1. d4 e6 2. Bf4 d5 3. Nf3 Bd6 4. Bg3 c5 5. c3 Nc6 6. e3 Nf6 7. Nbd2 cxd4 8.
exd4 Qc7 9. Bd3 O-O 10. Qe2 Nd7 11. Bxd6 Qxd6 12. O-O e5 13. dxe5 Ndxe5 14.
Nxe5 Nxe5 15. Rfe1 Nxd3 16. Qxd3 Be6 17. Nf3 h6 18. Rad1 Rad8 19. Rd2 Qc7 20.
Nd4 Rfe8 21. Rde2 Bd7 22. Nb3 Rxe2 23. Rxe2 Be6 24. Qd4 b6 25. Re3 Kf8 26. Qd3
Kg8 27. Nd4 Re8 28. Qe2 Qc4 29. Qxc4 dxc4 30. Kf1 Kf8 31. Ke2 Bd7 32. Rxe8+
Kxe8 33. Ke3 Ke7 34. Ke4 Kd6 35. Nf5+ Bxf5+ 36. Kxf5 Kd5 37. h4 b5 38. a3 a5
39. h5 Kd6 40. Ke4 Kc7 41. Ke5 b4 42. axb4 axb4 43. f3 bxc3 44. bxc3 g5 45.
hxg6  1-0

[Event "2. Bundesliga West 2018/19"]
[Site "Kufstein; NMS II, Sporthalle Fischergries"]
[Date "2019.02.09"]
[Round "7"]
[Board "5"]
[White "Pali, Philipp"]
[Black "Stadler, Alexander"]
[Result "1-0"]
[WhiteElo "2071"]
[BlackElo "2114"]
[PlyCount "107"]
[EventDate "2018.10.12"]
[EventType "team"]
[EventRounds "11"]
[EventCountry "AUT"]
[WhiteTeam "SPG Oberland"]
[BlackTeam "Ranshofen"]

1. e4 e5 2. Bc4 Nf6 3. d3 c6 4. Nf3 Be7 5. O-O d6 6. Ng5 d5 7. Bb3 O-O 8. Nc3
a5 9. a3 Ra6 10. h3 Nbd7 11. Nf3 Bc5 12. Nxe5 Nxe5 13. d4 Bg4 14. Qd2 Nxe4 15.
Nxe4 dxe4 16. dxc5 Qxd2 17. Bxd2 Bh5 18. Bf4 Nd7 19. Be3 a4 20. Bc4 Raa8 21.
Bd4 Rfe8 22. b4 Ne5 23. Bxe5 Rxe5 24. g4 Bg6 25. Rfe1 Rae8 26. Rad1 h5 27. Rd6
Kf8 28. Kg2 hxg4 29. hxg4 f6 30. Kg3 e3 31. f4 R5e7 32. Rh1 Rc7 33. Rh8+ Ke7
34. Re6+ Kd7 35. Rhxe8 Bxe8 36. Rxe3 Kd8 37. f5 Bf7 38. Bxf7 Rxf7 39. Kf4 Rf8
40. Rh3 Ke7 41. g5 Rd8 42. g6 Rd4+ 43. Ke3 Rc4 44. Rh7 Rc3+ 45. Kd4 Rxa3 46.
Rxg7+ Kf8 47. Rf7+ Kg8 48. Rxb7 Rf3 49. b5 a3 50. bxc6 a2 51. Ra7 Rf4+ 52. Kd5
Rxf5+ 53. Kd6 Rf1 54. c7  1-0

[Event "2. Bundesliga West 2018/19"]
[Site "Kufstein; NMS II, Sporthalle Fischergries"]
[Date "2019.02.09"]
[Round "7"]
[Board "6"]
[White "Schwarzmeier, Klaus"]
[Black "Roeck, Vanessa"]
[Result "1-0"]
[WhiteElo "2187"]
[BlackElo "1627"]
[PlyCount "71"]
[EventDate "2018.10.12"]
[EventType "team"]
[EventRounds "11"]
[EventCountry "AUT"]
[WhiteTeam "Ranshofen"]
[BlackTeam "SPG Oberland"]

1. Nf3 d6 2. g3 g6 3. Bg2 Bg7 4. c4 e5 5. Nc3 Nc6 6. d3 Nge7 7. Rb1 a5 8. a3
O-O 9. O-O Bd7 10. b4 axb4 11. axb4 Qc8 12. Re1 Nd4 13. Nd2 Bc6 14. Bf1 f5 15.
b5 Bd7 16. Bb2 f4 17. Nce4 Bh3 18. Bxd4 exd4 19. b6 Bxf1 20. Rxf1 c5 21. Nxd6
Qc6 22. N6e4 fxg3 23. hxg3 Rf5 24. Nf3 Rh5 25. Kg2 g5 26. Rh1 Rxh1 27. Kxh1
Qh6+ 28. Kg1 g4 29. Nfd2 Qh5 30. Rb5 Rc8 31. Nb3 Rc6 32. Rxc5 Qh3 33. Rxc6 Nxc6
34. Nbc5 Nd8 35. Qa4 Qh5 36. Qd7  1-0

[Event "2. Bundesliga West 2018/19"]
[Site "Kufstein; NMS II, Sporthalle Fischergries"]
[Date "2019.02.09"]
[Round "7"]
[Board "1"]
[White "Teske, Henrik"]
[Black "Kindermann, Stefan"]
[Result "1/2-1/2"]
[WhiteElo "2483"]
[BlackElo "2500"]
[PlyCount "61"]
[EventDate "2018.10.12"]
[EventType "team"]
[EventRounds "11"]
[EventCountry "AUT"]
[WhiteTeam "Wolfurt"]
[BlackTeam "Sparkasse Neumarkt"]

1. e4 e6 2. d4 d5 3. exd5 exd5 4. Nf3 Nf6 5. Bg5 Be7 6. Bd3 Bg4 7. Nbd2 Nbd7 8.
O-O O-O 9. c3 c6 10. Qc2 Bh5 11. Rae1 Bg6 12. Ne5 Bxd3 13. Qxd3 Re8 14. Ndf3
Ne4 15. Bxe7 Rxe7 16. Re3 Nxe5 17. Nxe5 Qc7 18. Rfe1 Rae8 19. h3 f6 20. Ng4 Nd6
21. Rxe7 Rxe7 22. Rxe7 Qxe7 23. Ne3 g6 24. Kf1 Qe4 25. Qxe4 Nxe4 26. f3 Nd6 27.
Ke2 Kf7 28. Kd3 Ke6 29. b3 f5 30. g3 g5 31. g4  1/2-1/2

[Event "2. Bundesliga West 2018/19"]
[Site "Kufstein; NMS II, Sporthalle Fischergries"]
[Date "2019.02.09"]
[Round "7"]
[Board "2"]
[White "Barseghyan, Harutyun"]
[Black "Hoefelsauer, Thomas"]
[Result "1-0"]
[WhiteElo "2466"]
[BlackElo "2339"]
[PlyCount "95"]
[EventDate "2018.10.12"]
[EventType "team"]
[EventRounds "11"]
[EventCountry "AUT"]
[WhiteTeam "Sparkasse Neumarkt"]
[BlackTeam "Wolfurt"]

1. d4 d5 2. c4 c6 3. cxd5 cxd5 4. Bg5 Nc6 5. Nc3 f6 6. Bd2 e6 7. Nf3 Bd6 8. e4
Nge7 9. Bd3 O-O 10. O-O Kh8 11. Re1 Bd7 12. Rc1 Rc8 13. a3 a6 14. b4 b5 15. Be3
Be8 16. exd5 exd5 17. Nd2 Bg6 18. Nb3 Bxd3 19. Qxd3 Qd7 20. Ne2 Qf5 21. Qd2 g5
22. Nc5 Nb8 23. f3 h5 24. Kh1 h4 25. h3 Ng6 26. Bg1 Rfe8 27. Bh2 Bxh2 28. Kxh2
Nf8 29. Nc3 Ne6 30. Nd1 Qf4+ 31. Qxf4 Nxf4 32. Ne3 Kh7 33. Nf5 Rxe1 34. Rxe1
Nc6 35. Re3 a5 36. bxa5 Nxa5 37. Re7+ Kg6 38. Nd6 Rb8 39. Nd7 Rd8 40. Ne8 Nh5
41. Nf8+ Kf5 42. Re6 Nc4 43. Kg1 Ra8 44. Kf2 Ra7 45. Rd6 Ne3 46. Rxf6+ Nxf6 47.
Nd6+ Kf4 48. Ne6#  1-0

[Event "2. Bundesliga West 2018/19"]
[Site "Kufstein; NMS II, Sporthalle Fischergries"]
[Date "2019.02.09"]
[Round "7"]
[Board "3"]
[White "Janko, Ladislav"]
[Black "Manakov, Ilya"]
[Result "1/2-1/2"]
[WhiteElo "2179"]
[BlackElo "2361"]
[PlyCount "84"]
[EventDate "2018.10.12"]
[EventType "team"]
[EventRounds "11"]
[EventCountry "AUT"]
[WhiteTeam "Wolfurt"]
[BlackTeam "Sparkasse Neumarkt"]

1. e4 c5 2. Nf3 d6 3. c3 Nf6 4. h3 g6 5. Bd3 Bg7 6. Bc2 O-O 7. O-O e5 8. d4 Qc7
9. dxe5 dxe5 10. Na3 Rd8 11. Qe2 Nc6 12. Be3 b6 13. Nb5 Qe7 14. a4 h6 15. Nd2
Nd4 16. cxd4 cxd4 17. Nc4 dxe3 18. Nxe3 Bb7 19. Nc3 Qb4 20. Qb5 a5 21. Rfd1
Qxb5 22. axb5 Rd4 23. Ned5 Nxd5 24. Nxd5 Bxd5 25. Rxd4 exd4 26. exd5 Rc8 27.
Be4 Be5 28. Kf1 Rc4 29. Bd3 Rb4 30. Re1 f6 31. f4 Bxf4 32. Re6 Kf7 33. Rxb6
Rxb2 34. Rc6 Bg3 35. Be4 Ke7 36. Re6+ Kd7 37. Rxf6 Re2 38. Bd3 Rd2 39. Rf3 Be5
40. Bxg6 Rb2 41. Ra3 Bc7 42. Ra4 Rb4  1/2-1/2

[Event "2. Bundesliga West 2018/19"]
[Site "Kufstein; NMS II, Sporthalle Fischergries"]
[Date "2019.02.09"]
[Round "7"]
[Board "4"]
[White "De Visser, Leon"]
[Black "Wagner, Leopold Franziskus"]
[Result "1-0"]
[WhiteElo "2243"]
[BlackElo "1941"]
[PlyCount "95"]
[EventDate "2018.10.12"]
[EventType "team"]
[EventRounds "11"]
[EventCountry "AUT"]
[WhiteTeam "Sparkasse Neumarkt"]
[BlackTeam "Wolfurt"]

1. e4 c6 2. d4 d5 3. exd5 cxd5 4. Bf4 Nc6 5. c3 e6 6. Nf3 Bd6 7. Bg3 Nge7 8.
Bd3 Ng6 9. O-O O-O 10. Bxg6 hxg6 11. Nbd2 Be7 12. Re1 a5 13. Ne5 Nxe5 14. Bxe5
b5 15. a3 Bd7 16. Re3 Bg5 17. Rh3 Bxd2 18. Qxd2 f6 19. Bd6 Re8 20. Rg3 Kf7 21.
Qd3 f5 22. Qe3 Rh8 23. Re1 a4 24. Bf4 Rc8 25. Rg5 Rh5 26. Rxh5 gxh5 27. Bg5 Qc7
28. Bh4 f4 29. Qf3 Kg8 30. Qxh5 Rf8 31. Re5 Rf5 32. Rxf5 exf5 33. Bg5 Qd6 34.
h3 f3 35. Qxf3 Qe6 36. Kh2 Qe4 37. Qg3 Qe6 38. Bf4 Be8 39. Be5 Qg6 40. Qh4 Qf7
41. Qd8 Qd7 42. Qg5 Qf7 43. Kg3 Qg6 44. Kf4 Kf7 45. Qxf5+ Qxf5+ 46. Kxf5 Bd7+
47. Kg5 g6 48. h4  1-0

[Event "2. Bundesliga West 2018/19"]
[Site "Kufstein; NMS II, Sporthalle Fischergries"]
[Date "2019.02.09"]
[Round "7"]
[Board "5"]
[White "Kalcher, Mathias"]
[Black "Egger, Martin"]
[Result "1-0"]
[WhiteElo "2070"]
[BlackElo "2043"]
[PlyCount "55"]
[EventDate "2018.10.12"]
[EventType "team"]
[EventRounds "11"]
[EventCountry "AUT"]
[WhiteTeam "Wolfurt"]
[BlackTeam "Sparkasse Neumarkt"]

1. c4 Nf6 2. Nf3 e6 3. Nc3 d5 4. e3 Be7 5. b3 O-O 6. Bb2 c5 7. d4 Nc6 8. Be2
cxd4 9. exd4 Bd6 10. O-O Ne4 11. Nxe4 dxe4 12. Ne5 Qc7 13. c5 Be7 14. Nxc6 bxc6
15. Qc2 f5 16. f3 exf3 17. Rxf3 Bf6 18. Bc4 Kh8 19. Re1 Rd8 20. Qf2 g6 21. a4
e5 22. d5 Qg7 23. Rfe3 Re8 24. Qd2 f4 25. R3e2 Bg5 26. Rf2 Bh4 27. Rxf4 Qh6 28.
Rxe5  1-0

[Event "2. Bundesliga West 2018/19"]
[Site "Kufstein; NMS II, Sporthalle Fischergries"]
[Date "2019.02.09"]
[Round "7"]
[Board "6"]
[White "Kampl, Walter"]
[Black "Notegger, Peter"]
[Result "1-0"]
[WhiteElo "1875"]
[BlackElo "1964"]
[PlyCount "38"]
[EventDate "2018.10.12"]
[EventType "team"]
[EventRounds "11"]
[EventCountry "AUT"]
[WhiteTeam "Sparkasse Neumarkt"]
[BlackTeam "Wolfurt"]

1. f4 d5 2. Nf3 Bg4 3. e3 Nd7 4. Be2 e6 5. b3 Ngf6 6. Bb2 g6 7. O-O Bg7 8. Ne5
Bxe2 9. Qxe2 O-O 10. Nxd7 Qxd7 11. d3 Rfd8 12. Nd2 c5 13. Rad1 b5 14. e4 d4 15.
Bc1 a5 16. g4 Re8 17. g5 Nh5 18. e5 Bf8 19. Ne4 Ng7  1-0

[Event "2. Bundesliga West 2018/19"]
[Site "Kufstein; NMS II, Sporthalle Fischergries"]
[Date "2019.02.10"]
[Round "8"]
[Board "1"]
[White "Teske, Henrik"]
[Black "Eybl, Alexander"]
[Result "0-1"]
[WhiteElo "2483"]
[BlackElo "2289"]
[PlyCount "78"]
[EventDate "2018.10.12"]
[EventType "team"]
[EventRounds "11"]
[EventCountry "AUT"]
[WhiteTeam "Wolfurt"]
[BlackTeam "Pradl"]

1. Nf3 Nf6 2. c4 g6 3. Nc3 d5 4. cxd5 Nxd5 5. h4 Bg7 6. h5 Nxc3 7. bxc3 Nc6 8.
Rb1 e5 9. e4 O-O 10. hxg6 hxg6 11. Qa4 Bd7 12. Rxb7 Nd4 13. Qc4 Ne6 14. d3 Rb8
15. Rb3 Rb6 16. Be2 c5 17. O-O Qc7 18. g3 Rfb8 19. Rxb6 axb6 20. a3 Bf6 21. Rd1
Bc6 22. Nh2 b5 23. Qa2 b4 24. Bg4 Ba4 25. Rf1 b3 26. Qd2 Bd7 27. f4 exf4 28.
gxf4 c4 29. f5 gxf5 30. Bxf5 b2 31. Bxb2 Qb6+ 32. d4 Bg5 33. Qf2 Qxb2 34. Qg3
f6 35. Nf3 Nf4 36. Rf2 Qc1+ 37. Kh2 Rb1 38. Qg4 Qh1+ 39. Kg3 Nh5+  0-1

[Event "2. Bundesliga West 2018/19"]
[Site "Kufstein; NMS II, Sporthalle Fischergries"]
[Date "2019.02.10"]
[Round "8"]
[Board "2"]
[White "Wohlfahrt, Herbert"]
[Black "Hoefelsauer, Thomas"]
[Result "1/2-1/2"]
[WhiteElo "2262"]
[BlackElo "2339"]
[PlyCount "62"]
[EventDate "2018.10.12"]
[EventType "team"]
[EventRounds "11"]
[EventCountry "AUT"]
[WhiteTeam "Pradl"]
[BlackTeam "Wolfurt"]

1. d4 Nf6 2. Nf3 d5 3. c4 c6 4. cxd5 cxd5 5. Nc3 Nc6 6. Bf4 Bf5 7. e3 e6 8. Bd3
Bxd3 9. Qxd3 Be7 10. h3 O-O 11. O-O Rc8 12. Rfc1 a6 13. Ne5 Nxe5 14. Bxe5 Nd7
15. Bg3 Nb6 16. Ne2 Qd7 17. Rxc8 Rxc8 18. Rc1 Rxc1+ 19. Nxc1 Qc6 20. Qb1 Na4
21. Nd3 b5 22. b3 Nc3 23. Qc2 b4 24. f3 a5 25. Be1 Qc7 26. Bxc3 bxc3 27. Nc1
Bb4 28. Ne2 h6 29. a3 Bxa3 30. Qxc3 Qxc3 31. Nxc3 Bb4  1/2-1/2

[Event "2. Bundesliga West 2018/19"]
[Site "Kufstein; NMS II, Sporthalle Fischergries"]
[Date "2019.02.10"]
[Round "8"]
[Board "3"]
[White "Janko, Ladislav"]
[Black "Meier, Alexander"]
[Result "1/2-1/2"]
[WhiteElo "2179"]
[BlackElo "2232"]
[PlyCount "168"]
[EventDate "2018.10.12"]
[EventType "team"]
[EventRounds "11"]
[EventCountry "AUT"]
[WhiteTeam "Wolfurt"]
[BlackTeam "Pradl"]

1. e4 e5 2. Nf3 Nf6 3. Nxe5 d6 4. Nf3 Nxe4 5. Nc3 Nxc3 6. dxc3 Be7 7. Be3 Nc6
8. Qd2 Be6 9. Nd4 Nxd4 10. Bxd4 O-O 11. Bd3 Re8 12. O-O Qd7 13. Rad1 c5 14. Be3
d5 15. h3 Rad8 16. Qe2 a6 17. Qf3 Qc8 18. c4 d4 19. Bd2 b5 20. b3 b4 21. Rfe1
Bf6 22. Re2 Bd7 23. Rxe8+ Rxe8 24. a3 bxa3 25. Ra1 Bc6 26. Qh5 Be4 27. Rxa3 g6
28. Qd1 Bb7 29. Ra1 Qc6 30. Qf1 Qd6 31. Re1 Re6 32. Rxe6 Qxe6 33. Qe2 Kf8 34.
Qxe6 fxe6 35. Ba5 Ke7 36. f3 Kd6 37. Kf2 Be7 38. g3 Bc6 39. h4 Kd7 40. h5 gxh5
41. Bxh7 h4 42. g4 Bg5 43. Be4 Bxe4 44. fxe4 Kd6 45. Kf3 h3 46. Bb6 h2 47. Kg2
Be7 48. Ba5 Ke5 49. Bd2 Kxe4 50. Bh6 Bd6 51. Bg5 h1=Q+ 52. Kxh1 Kf3 53. Bh6
Kxg4 54. Kg2 e5 55. Kf2 e4 56. Ke2 Kf5 57. Bd2 Bf4 58. Ba5 Ke6 59. Bb6 Kd6 60.
Ba5 Bg3 61. Bd8 Kc6 62. Ba5 Bh4 63. Kd2 Bg3 64. Ke2 Bc7 65. Be1 Kd7 66. Bd2 Ke6
67. Be1 Kd6 68. Bd2 Kc6 69. Be1 Bd8 70. Bd2 Kb6 71. Be1 Bg5 72. Bg3 a5 73. Bd6
Bd8 74. Bf8 Bg5 75. Bd6 Bf6 76. Bf8 Kc6 77. Bh6 Be7 78. Bd2 Kb6 79. Be1 Bd8 80.
Bd2 Bh4 81. Bf4 Be7 82. Bd2 Bh4 83. Bf4 Be7 84. Bd2 Bh4  1/2-1/2

[Event "2. Bundesliga West 2018/19"]
[Site "Kufstein; NMS II, Sporthalle Fischergries"]
[Date "2019.02.10"]
[Round "8"]
[Board "4"]
[White "Everett, Elijah"]
[Black "Wagner, Leopold Franziskus"]
[Result "1/2-1/2"]
[WhiteElo "2232"]
[BlackElo "1941"]
[PlyCount "66"]
[EventDate "2018.10.12"]
[EventType "team"]
[EventRounds "11"]
[EventCountry "AUT"]
[WhiteTeam "Pradl"]
[BlackTeam "Wolfurt"]

1. e4 c6 2. d4 d5 3. Nd2 dxe4 4. Nxe4 Bf5 5. Ng3 Bg6 6. h4 h6 7. Nf3 Nd7 8. h5
Bh7 9. Bd3 Bxd3 10. Qxd3 e6 11. Bd2 Ngf6 12. O-O-O Bd6 13. Kb1 Bxg3 14. fxg3
Qe7 15. Qe2 O-O-O 16. c4 Rhe8 17. Bf4 Qb4 18. Ne5 Re7 19. a3 Qa5 20. c5 Nxe5
21. Qxe5 Qb5 22. Ka1 Nd5 23. Qxg7 Qb3 24. Rc1 b5 25. Rhf1 b4 26. Rf3 Nc3 27.
Rfxc3 bxc3 28. Rxc3 Qd1+ 29. Rc1 Qxd4 30. Be5 Qe3 31. Rc3 Qe1+ 32. Ka2 Rb7 33.
Bd6 Qd2  1/2-1/2

[Event "2. Bundesliga West 2018/19"]
[Site "Kufstein; NMS II, Sporthalle Fischergries"]
[Date "2019.02.10"]
[Round "8"]
[Board "5"]
[White "Kalcher, Mathias"]
[Black "Mittelberger, Peter"]
[Result "0-1"]
[WhiteElo "2070"]
[BlackElo "2199"]
[PlyCount "124"]
[EventDate "2018.10.12"]
[EventType "team"]
[EventRounds "11"]
[EventCountry "AUT"]
[WhiteTeam "Wolfurt"]
[BlackTeam "Pradl"]

1. d4 d6 2. c4 g6 3. e4 Bg7 4. Nc3 Nd7 5. Be3 e5 6. Be2 Ngf6 7. Nf3 O-O 8. d5
a5 9. Nd2 Nc5 10. a3 Bd7 11. b4 axb4 12. axb4 Rxa1 13. Qxa1 Na6 14. Qa3 Bg4 15.
f3 Bc8 16. c5 Nb8 17. Qa7 Nbd7 18. c6 bxc6 19. dxc6 Nb6 20. Bxb6 cxb6 21. c7
Qe7 22. Qxb6 Be6 23. Ba6 Bh6 24. Ke2 Nd7 25. Qf2 Nf6 26. Nb5 Bd7 27. Rc1 Qe6
28. Nc3 d5 29. b5 d4 30. Nd5 Nxd5 31. exd5 Qxd5 32. c8=Q Bxc8 33. Bxc8 Be3 34.
Qf1 Qxb5+ 35. Ke1 Qb2 36. Rd1 Rxc8 37. Qa6 Bxd2+ 38. Rxd2 Qc1+ 39. Ke2 Qc4+ 40.
Qxc4 Rxc4 41. Kd3 Rc3+ 42. Ke4 Re3+ 43. Kd5 g5 44. g3 d3 45. h4 Rxf3 46. Kxe5
Rxg3 47. hxg5 Rxg5+ 48. Ke4 Rg4+ 49. Ke5 Kg7 50. Rxd3 Kg6 51. Rf3 f5 52. Ra3
Re4+ 53. Kd5 h5 54. Ra8 h4 55. Rg8+ Kf6 56. Rf8+ Kg5 57. Rg8+ Kf4 58. Rh8 Kg3
59. Rf8 h3 60. Rxf5 Rg4 61. Rf1 Kg2 62. Ra1 h2  0-1

[Event "2. Bundesliga West 2018/19"]
[Site "Kufstein; NMS II, Sporthalle Fischergries"]
[Date "2019.02.10"]
[Round "8"]
[Board "6"]
[White "Praxmarer, Christian"]
[Black "Berchtold, Guenter"]
[Result "1/2-1/2"]
[WhiteElo "2006"]
[BlackElo "1939"]
[PlyCount "83"]
[EventDate "2018.10.12"]
[EventType "team"]
[EventRounds "11"]
[EventCountry "AUT"]
[WhiteTeam "Pradl"]
[BlackTeam "Wolfurt"]

1. e4 c5 2. Nc3 e5 3. Nf3 d6 4. Bc4 Be6 5. Qe2 Nc6 6. O-O Bxc4 7. Qxc4 h6 8.
Nd5 Nf6 9. c3 Be7 10. Ne3 g6 11. Nd5 Bf8 12. d4 cxd4 13. cxd4 Bg7 14. dxe5 dxe5
15. Be3 O-O 16. Rad1 Nxd5 17. Rxd5 Qf6 18. Qb5 a6 19. Qb6 a5 20. Rfd1 Nd4 21.
Bxd4 exd4 22. Qxf6 Bxf6 23. e5 Bg7 24. R5xd4 Rac8 25. Rd7 b6 26. g3 Rc2 27.
R1d2 Rxd2 28. Rxd2 Re8 29. Rd5 Kf8 30. b3 Ke7 31. Rb5 Rb8 32. Ne1 Kd7 33. f4
Kc6 34. a4 Rd8 35. Nf3 Bf8 36. Kf2 Bc5+ 37. Ke2 Rd5 38. Nd2 Rd4 39. h3 g5 40.
f5 Bb4 41. Nf3 Rd5 42. g4  1/2-1/2

[Event "2. Bundesliga West 2018/19"]
[Site "Kufstein; NMS II, Sporthalle Fischergries"]
[Date "2019.02.10"]
[Round "8"]
[Board "1"]
[White "Breneis, Lukas"]
[Black "Moroder, Stefan"]
[Result "0-1"]
[WhiteElo "2192"]
[BlackElo "2158"]
[PlyCount "58"]
[EventDate "2018.10.12"]
[EventType "team"]
[EventRounds "11"]
[EventCountry "AUT"]
[WhiteTeam "SPG Oberland"]
[BlackTeam "Rochade Rum"]

1. e4 c6 2. d4 d5 3. e5 Bf5 4. h4 h5 5. Ne2 e6 6. Ng3 Bg6 7. Be2 c5 8. Nxh5
Bxh5 9. Bxh5 g6 10. Be2 Rxh4 11. Rxh4 Qxh4 12. Na3 Nc6 13. c3 cxd4 14. Nb5 dxc3
15. Nc7+ Kd7 16. Nxa8 cxb2 17. Rb1 bxc1=Q 18. Rxb7+ Kc8 19. Rc7+ Kb8 20. Qxc1
Bb4+ 21. Kd1 Qd4+ 22. Kc2 Nge7 23. Qe3 Qxe3 24. fxe3 Ba5 25. Rd7 Kxa8 26. Bb5
Kb8 27. Bxc6 Nxc6 28. Rxf7 Bd8 29. Rd7 Be7  0-1

[Event "2. Bundesliga West 2018/19"]
[Site "Kufstein; NMS II, Sporthalle Fischergries"]
[Date "2019.02.10"]
[Round "8"]
[Board "2"]
[White "Jedinger, Andreas"]
[Black "Schnegg, Anna-Lena"]
[Result "0-1"]
[WhiteElo "2108"]
[BlackElo "2184"]
[PlyCount "98"]
[EventDate "2018.10.12"]
[EventType "team"]
[EventRounds "11"]
[EventCountry "AUT"]
[WhiteTeam "Rochade Rum"]
[BlackTeam "SPG Oberland"]

1. e4 g6 2. d4 Bg7 3. Nc3 d6 4. h3 Nd7 5. Be3 e5 6. Nf3 exd4 7. Nxd4 Ngf6 8.
Qd2 Nc5 9. f3 O-O 10. O-O-O Ne6 11. g4 a6 12. h4 b5 13. h5 b4 14. Nd5 Nxd5 15.
exd5 Nxd4 16. Bxd4 Bxd4 17. Qxd4 Qg5+ 18. Kb1 a5 19. Bd3 Bb7 20. hxg6 fxg6 21.
Rxh7 Kxh7 22. Rh1+ Qh6 23. Rxh6+ Kxh6 24. g5+ Kxg5 25. Qg4+ Kf6 26. Qxg6+ Ke5
27. Qe4+ Kf6 28. Qf5+ Ke7 29. Qe6+ Kd8 30. Bb5 Bc8 31. Qh6 Ke7 32. Qg5+ Kf7 33.
b3 Rg8 34. Qh5+ Kf6 35. Qh6+ Kf7 36. Qh5+ Kf6 37. Bd3 Bd7 38. Qh4+ Kf7 39. Qh7+
Rg7 40. Qh5+ Kf6 41. Qh4+ Kf7 42. a3 bxa3 43. Qc4 Rc8 44. Qa6 a4 45. Bb5 axb3
46. cxb3 Rd8 47. Qa5 Bxb5 48. Qxb5 Rg2 49. Qc4 Re8  0-1

[Event "2. Bundesliga West 2018/19"]
[Site "Kufstein; NMS II, Sporthalle Fischergries"]
[Date "2019.02.10"]
[Round "8"]
[Board "3"]
[White "Schnegg, Daniel"]
[Black "Berchtold, Clemens"]
[Result "1/2-1/2"]
[WhiteElo "2117"]
[BlackElo "2024"]
[PlyCount "35"]
[EventDate "2018.10.12"]
[EventType "team"]
[EventRounds "11"]
[EventCountry "AUT"]
[WhiteTeam "SPG Oberland"]
[BlackTeam "Rochade Rum"]

1. e4 c5 2. Nf3 d6 3. d4 cxd4 4. Nxd4 Nf6 5. Nc3 g6 6. Be3 Bg7 7. f3 O-O 8. Qd2
Nc6 9. O-O-O d5 10. Nxc6 bxc6 11. exd5 Nxd5 12. Nxd5 cxd5 13. Qxd5 Qc7 14. Qc5
Qb7 15. Qb5 Qc7 16. Qc5 Qb7 17. Qb5 Qc7 18. Qc5  1/2-1/2

[Event "2. Bundesliga West 2018/19"]
[Site "Kufstein; NMS II, Sporthalle Fischergries"]
[Date "2019.02.10"]
[Round "8"]
[Board "4"]
[White "Muehlbacher, Bernhard"]
[Black "Moritz, Christian"]
[Result "1-0"]
[WhiteElo "2066"]
[BlackElo "2100"]
[PlyCount "34"]
[EventDate "2018.10.12"]
[EventType "team"]
[EventRounds "11"]
[EventCountry "AUT"]
[WhiteTeam "Rochade Rum"]
[BlackTeam "SPG Oberland"]

1. c4 e6 2. g3 d5 3. Nf3 c6 4. b3 Nf6 5. Bg2 Bd6 6. Bb2 O-O 7. O-O Nbd7 8. d4
b6 9. Nbd2 Bb7 10. Ne5 Rc8 11. Rc1 Qc7 12. Nef3 Qb8 13. Rc2 h6 14. Qa1 Rfd8 15.
Rfc1 Ne4 16. cxd5 Nxd2 17. dxe6 {unleserlich} Bc5  1-0